[Event "Voronezh op-B 23rd"]
[Site "Voronezh"]
[Date "2019.06.19"]
[Round "8"]
[White "Shcherbinin, Nikolay"]
[Black "Shestakova, Ekaterina"]
[Result "0-1"]
[WhiteElo "1717"]
[BlackElo "1950"]
[PlyCount "80"]
[EventDate "2019.06.12"]
[EventType "swiss"]
[EventRounds "9"]
[EventCountry "RUS"]
[SourceTitle "EXT 2020"]
[Source "ChessBase"]
[SourceDate "2019.10.17"]
[SourceVersion "1"]
[SourceVersionDate "2019.10.17"]
[SourceQuality "1"]

1. e4 c5 2. Nc3 Nc6 3. g3 g6 4. Bg2 Bg7 5. d3 d6 6. Nge2 e6 7. Be3 Nge7 8. 0-0 0-0 9. d4 cxd4 10. Nxd4 a6 11. h3 e5 12. Nb3 Be6 13. Qd2 Qd7 14. Kh2 f5 15. Bh6 f4 16. Bxg7 Kxg7 17. gxf4 Rxf4 18. Rad1 Rd8 19. Ne2 Rh4 20. Ng1 Bc4 21. Rfe1 Rf4 22. Nf3 Qe6 23. Na5 Nxa5 24. Qxa5 Nc6 25. Qc3 Qf7 26. b3 Be6 27. Rd3 Qf6 28. Qd2 Bf7 29. c3 d5 30. Ng1 Rxf2 31. Re2 Rxe2 32. Nxe2 d4 33. Rf3 Qe7 34. c4 Be6 35. Ng3 Rf8 36. Rxf8 Qxf8 37. Qc1 Qf2 38. a3 d3 39. Qf1 Qc2 40. Qg1 d2 0-1

[Event "Voronezh op-B 22nd"]
[Site "Voronezh"]
[Date "2018.06.17"]
[Round "6"]
[White "Stepanenko, Kirill"]
[Black "Shcherbinin, Nikolay"]
[Result "1-0"]
[WhiteElo "1784"]
[BlackElo "1671"]
[PlyCount "57"]
[EventDate "2018.06.12"]
[EventType "swiss"]
[EventRounds "9"]
[EventCountry "RUS"]
[SourceTitle "CBM 185 Extra"]
[Source "ChessBase"]
[SourceDate "2018.07.29"]
[SourceVersion "1"]
[SourceVersionDate "2018.07.29"]
[SourceQuality "1"]

1. e4 c5 2. Nc3 Nc6 3. f4 g6 4. Nf3 Bg7 5. Bb5 e6 6. Bxc6 bxc6 7. 0-0 Ne7 8. d3 d5 9. Qe1 0-0 10. e5 Nf5 11. Na4 c4 12. dxc4 Ba6 13. b3 dxc4 14. Ba3 Re8 15. Rf2 cxb3 16. Rd1 Qc8 17. cxb3 Rd8 18. Rfd2 Rd5 19. Nc3 Rxd2 20. Qxd2 Qc7 21. Ne4 Rc8 22. Qd7 h6 23. Qxc7 Rxc7 24. Rd8+ Kh7 25. Bc5 Bb5 26. Kf2 Ba6 27. g4 Ne7 28. Bd6 Rb7 29. Nc5 1-0